000 00308nam a22001337a 4500
008 171020b xxu||||| |||| 00| 0 eng d
020 _a9780256093605
041 _aeng
080 _23RD
_a338
100 _a54
101 _aMIS
245 _aSYSTEMS ANALYSIS& DESIGN METHODS
_cWHITTEN,J,L
942 _2udc
_cBK
999 _c35112
_d35112